Principles of Retailing/ (Record no. 199419)

MARC details
000 -LEADER
fixed length control field 00894nam a22002057a 4500
005 - DATE AND TIME OF LATEST TRANSACTION
control field 20231229143140.0
010 ## - LCCN (DPL NO)
LC control number B-756265-268
020 ## - INTERNATIONAL STANDARD BOOK NUMBER
International Standard Book Number 9789356403307
Terms of availability 599.00
035 ## - SYSTEM CONTROL NUMBER
System control number B-756265-268
037 ## - SOURCE OF ACQUISITION
Stock number Bloomsbury Publishing India Pvt. Ltd
082 ## - DEWEY DECIMAL CLASSIFICATION NUMBER
Edition number 2nd
Classification number 380.1
100 ## - MAIN ENTRY--PERSONAL NAME
Personal name Varley, Rosemary
245 ## - TITLE STATEMENT
Title Principles of Retailing/
Statement of responsibility, etc Rosemary Varley and Mohammed Rafiq
260 ## - PUBLICATION, DISTRIBUTION, ETC. (IMPRINT)
Place of publication, distribution, etc New Delhi
Name of publisher, distributor, etc Bloomsbury Publishing India Pvt. Ltd
Date of publication, distribution, etc 2023
270 ## - ADDRESS
Address Second Floor, LSC Building No. 4 DDA Complex Pocket C-6 & 7, Vasant Kunj
City New Delhi
Postal code 110070
300 ## - PHYSICAL DESCRIPTION
Extent 340p.
Other physical details col.ill
Dimensions 24cm(Pbk)
700 ## - ADDED ENTRY--PERSONAL NAME
Personal name Mohammed Rafiq
9 (RLIN) 59387
942 ## - ADDED ENTRY ELEMENTS (KOHA)
Source of classification or shelving scheme Dewey Decimal Classification
Item type English Books
Edition 2nd
Classification part 380.1
Call number suffix VAR
Holdings
Withdrawn status Lost status Not for loan Collection code Home library Current library Date acquired Source of acquisition Cost, normal purchase price Full call number Barcode Copy number Cost, replacement price Koha item type
      Non-fiction Central Jail Tihar Central Jail Tihar 29/12/2023 Bharatiya Sahitya Bhavan/IN185/29.11.23/26/.23.11.23/1.12.23 599.00 380.1 VAR B-756266 1 599.00 English Books
      Non-fiction Central Library Central Library 29/12/2023 Bharatiya Sahitya Bhavan/IN185/29.11.23/26/.23.11.23/1.12.23 599.00 380.1 VAR B-756265 1 599.00 English Books
      Non-fiction Diz Area D.B.Act.Division 29/12/2023 Bharatiya Sahitya Bhavan/IN185/29.11.23/26/.23.11.23/1.12.23 599.00 380.1 VAR B-756267 1 599.00 English Books
      Non-fiction Shahdara Branch Shahdara Branch 29/12/2023 Bharatiya Sahitya Bhavan/IN185/29.11.23/26/.23.11.23/1.12.23 599.00 380.1 VAR B-756268 1 599.00 English Books

© Delhi Public Library
Hit Counter
free hit counter